Oratio funebris, qua Degia, ac Pontificia Mexicana Academia R.P. Doctoris Francisci Xavierij Lazcano Societatis Jesu, eximij doctoris cathedrae moderatoris memoriae parentavit: quarto decimo kalendas sextiles habita a D. Illdefonso Lopez de Aguado... nunc verò Ixtapalapensi ad tempus animarum custode

Detalles Bibliográficos
Autor principal: López de Aguado, Ildefonso
Formato: Libro
Lenguaje:Undetermined
Latin
Publicado: [Mexici : s.n.], 1700.
Materias:
Colección:Banco de datos
Acervo:Biblioteca Palafoxiana. Colección bibliográfica
Descripción Física:XII p. ; 4°
Tema general:Homilética
Notas:Número de localización: 16089-B, 16089-E, 15641-E
LEADER 00822nam a2200181Ia 4500
008 150723s9999 xx 000 0 und d
041 0 |a lat 
050 0 |a PAFX BV4207 P5 
100 1 |a López de Aguado, Ildefonso 
245 1 0 |a Oratio funebris, qua Degia, ac Pontificia Mexicana Academia R.P. Doctoris Francisci Xavierij Lazcano Societatis Jesu, eximij doctoris cathedrae moderatoris memoriae parentavit: quarto decimo kalendas sextiles habita a D. Illdefonso Lopez de Aguado... nunc verò Ixtapalapensi ad tempus animarum custode 
260 |a [Mexici : s.n.], 1700. 
300 |a XII p. ; 4° 
500 |a Número de localización: 16089-B, 16089-E, 15641-E 
501 |a Encuadernado con 18 obras 
650 1 0 |a Homilética 
942 |c PALALIB 
943 |g Biblioteca Palafoxiana. Colección bibliográfica 
999 |c 1053799  |d 1053799